[Event "Madrid ch 2019-2020"]
[Site "Madrid ESP"]
[Date "2020.07.19"]
[Round "2.5"]
[White "Beltran De Heredia E., Miguel"]
[Black "Suarez Uriel, Adrian"]
[Result "1-0"]
[WhiteElo "2178"]
[BlackElo "2340"]
[PlyCount "77"]
[EventDate "2020.07.18"]
[EventType "swiss"]
[EventRounds "9"]
[EventCountry "ESP"]
[SourceTitle "Ajedrez en Madrid"]
[Source "lmi"]
[SourceDate "2020.07.18"]
[SourceVersion "1"]
[SourceVersionDate "2020.09.10"]
[SourceQuality "1"]

1. e4 c5 2. Nf3 Nc6 3. Nc3 g6 4. d4 cxd4 5. Nxd4 Bg7 6. Be3 Nf6 7. Bc4 O-O 8.
Bb3 Re8 9. f3 e6 10. f4 d6 11. Ndb5 Bf8 12. Qf3 a6 13. Nd4 Nxd4 14. Bxd4 e5 15.
fxe5 dxe5 16. Be3 Bg4 17. Qf2 Be6 18. Bxe6 Rxe6 19. O-O Qe8 20. Qh4 Qc6 21. Bg5
Qb6+ 22. Kh1 Qxb2 23. Nd5 Nxd5 24. exd5 Rd6 25. Be7 Rxd5 26. Qf6 Bxe7 27. Qxf7+
Kh8 28. Qxd5 Qb5 29. Qe6 Bg5 30. Rab1 Qe8 31. Qg4 Qe7 32. Qe4 Rb8 33. Qd5 Bf6
34. Rb6 Bg7 35. Rf7 Qg5 36. h3 Re8 37. Rbxb7 Qc1+ 38. Kh2 e4 39. Rbe7 1-0

[Event "Madrid ch 2019-2020"]
[Site "Madrid ESP"]
[Date "2020.07.19"]
[Round "2.6"]
[White "Renteria, Jorge"]
[Black "Khudov, Oleksandr"]
[Result "1-0"]
[WhiteElo "2308"]
[BlackElo "2207"]
[PlyCount "53"]
[EventDate "2020.07.18"]
[EventType "swiss"]
[EventRounds "9"]
[EventCountry "ESP"]
[SourceTitle "Ajedrez en Madrid"]
[Source "lmi"]
[SourceDate "2020.07.18"]
[SourceVersion "1"]
[SourceVersionDate "2020.09.10"]
[SourceQuality "1"]

1. e4 e6 2. d4 d5 3. Nd2 c5 4. Ngf3 Nc6 5. exd5 Qxd5 6. Bc4 Qd8 7. dxc5 Bxc5 8.
O-O Nf6 9. Qe2 O-O 10. Ne4 Be7 11. Rd1 Qc7 12. Bg5 Bd7 13. Nxf6+ Bxf6 14. Bxf6
gxf6 15. Qd2 Rfd8 16. Qh6 Ne5 17. Nxe5 Qxe5 18. Rd3 f5 19. Rad1 b5 20. Bxb5 Be8
21. Rxd8 Rxd8 22. Rxd8 Qxb5 23. c4 Qc6 24. h4 a5 25. b3 f4 26. Qxf4 Kg7 27.
Qg3+ 1-0

[Event "Madrid ch 2019-2020"]
[Site "Madrid ESP"]
[Date "2020.07.19"]
[Round "2.7"]
[White "Torres Boch, Jose F"]
[Black "Almagro Llamas, Pablo"]
[Result "1-0"]
[WhiteElo "2150"]
[BlackElo "2443"]
[PlyCount "121"]
[EventDate "2020.07.18"]
[EventType "swiss"]
[EventRounds "9"]
[EventCountry "ESP"]
[SourceTitle "Ajedrez en Madrid"]
[Source "lmi"]
[SourceDate "2020.07.18"]
[SourceVersion "1"]
[SourceVersionDate "2020.09.10"]
[SourceQuality "1"]

1. e4 c5 2. Nf3 d6 3. d4 cxd4 4. Nxd4 Nf6 5. Nc3 a6 6. Bg5 Nbd7 7. Qe2 h6 8.
Bh4 g6 9. f4 e5 10. O-O-O Be7 11. Nf3 Qc7 12. Nd5 Nxd5 13. exd5 Bxh4 14. Nxh4
b5 15. g3 O-O 16. f5 Kg7 17. Bg2 g5 18. Be4 Qc4 19. Bd3 Qxa2 20. Nf3 Re8 21.
Nxg5 hxg5 22. Qh5 Kf8 23. f6 Nxf6 24. Qh6+ Ke7 25. Rhf1 Nd7 26. Rxf7+ Kd8 27.
Qxd6 e4 28. Rxd7+ Bxd7 29. Qb6+ Ke7 30. Rf1 Qa1+ 31. Kd2 Qxb2 32. d6+ Ke6 33.
Bc4+ bxc4 34. Qxb2 Rf8 35. Re1 Bc6 36. Qg7 Kxd6 37. Ke2 Bb5 38. Rd1+ Ke6 39.
Qg6+ Ke7 40. Qh7+ Ke6 41. Qxe4+ Kf7 42. Rf1+ Kg7 43. Qe7+ Kg8 44. Qxg5+ Kh7 45.
Rxf8 Rxf8 46. c3 Rf7 47. h4 Bd7 48. Ke3 Rg7 49. Qe5 Kh6 50. Kd4 Bb5 51. Qf4+
Kh7 52. g4 Bd7 53. g5 Be8 54. Kxc4 Bh5 55. Kc5 a5 56. Kb5 Rf7 57. Qd6 Rf5+ 58.
Kb6 Bf7 59. Kc7 a4 60. Qh6+ Kg8 61. g6 1-0

[Event "Madrid ch 2019-2020"]
[Site "Madrid ESP"]
[Date "2020.07.19"]
[Round "2.8"]
[White "Moreno Uribarri, Miguel"]
[Black "Martin Duque, Jesus"]
[Result "0-1"]
[WhiteElo "1881"]
[BlackElo "2421"]
[PlyCount "46"]
[EventDate "2020.07.18"]
[EventType "swiss"]
[EventRounds "9"]
[EventCountry "ESP"]
[SourceTitle "Ajedrez en Madrid"]
[Source "lmi"]
[SourceDate "2020.07.18"]
[SourceVersion "1"]
[SourceVersionDate "2020.09.10"]
[SourceQuality "1"]

1. e4 c5 2. Nf3 e6 3. d4 cxd4 4. Nxd4 a6 5. Bd3 Ne7 6. c4 Nbc6 7. Nc2 g6 8. Nc3
Bg7 9. O-O O-O 10. Qe2 f5 11. exf5 Nxf5 12. Rd1 Qc7 13. Bxf5 gxf5 14. f3 b6 15.
Be3 Ne5 16. Rd4 Bb7 17. Rad1 Rf7 18. Bf4 Rd8 19. b3 d6 20. Qd2 Bxf3 21. Rxd6
Rxd6 22. Qxd6 Bxd1 23. Qxd1 Qd7 0-1

[Event "Madrid ch 2019-2020"]
[Site "Madrid ESP"]
[Date "2020.07.19"]
[Round "2.9"]
[White "Reyes Peñas, Sebastian"]
[Black "Solaesa Navalpotro, Luis Julio"]
[Result "1-0"]
[WhiteElo "2272"]
[BlackElo "2240"]
[PlyCount "53"]
[EventDate "2020.07.18"]
[EventType "swiss"]
[EventRounds "9"]
[EventCountry "ESP"]
[SourceTitle "Ajedrez en Madrid"]
[Source "lmi"]
[SourceDate "2020.07.18"]
[SourceVersion "1"]
[SourceVersionDate "2020.09.10"]
[SourceQuality "1"]

1. e4 e5 2. Nf3 Nc6 3. Bb5 Nd4 4. Nxd4 exd4 5. O-O Bc5 6. Qh5 Bb6 7. d3 Ne7 8.
Bg5 O-O 9. Bc4 Qe8 10. f4 Kh8 11. e5 d6 12. exd6 Nf5 13. Be7 Nxe7 14. dxe7 Qxe7
15. Nd2 Qe3+ 16. Rf2 f5 17. Nf3 Qe8 18. Qh4 Ba5 19. a3 c5 20. b4 cxb4 21. Re1
Qc6 22. Ne5 Qf6 23. Nf7+ Rxf7 24. Re8+ Rf8 25. Qxf6 gxf6 26. Rxf8+ Kg7 27. Rg8+
1-0

[Event "Madrid ch 2019-2020"]
[Site "Madrid ESP"]
[Date "2020.07.19"]
[Round "2.10"]
[White "Perez Gonzalez, Jose Manuel"]
[Black "Andrade Sandoval, Bianca"]
[Result "1-0"]
[WhiteElo "2177"]
[BlackElo "1900"]
[PlyCount "91"]
[EventDate "2020.07.18"]
[EventType "swiss"]
[EventRounds "9"]
[EventCountry "ESP"]
[SourceTitle "Ajedrez en Madrid"]
[Source "lmi"]
[SourceDate "2020.07.18"]
[SourceVersion "1"]
[SourceVersionDate "2020.09.10"]
[SourceQuality "1"]

1. e4 c5 2. Nf3 d6 3. d4 cxd4 4. Nxd4 Nf6 5. Nc3 e6 6. Bc4 a6 7. O-O Be7 8. Bb3
O-O 9. f4 Nc6 10. Be3 Qc7 11. Qf3 Re8 12. f5 e5 13. Nde2 Na5 14. g4 Nxb3 15.
axb3 h6 16. h4 d5 17. g5 hxg5 18. hxg5 Nxe4 19. Nxd5 Qxc2 20. Rac1 Qxb2 21.
Qxe4 Qxe2 22. Rf2 Qb5 23. Rh2 Bxg5 24. Bxg5 f6 25. Bxf6 Bxf5 26. Qxf5 Qxd5 27.
Rg2 Qd4+ 28. Kh1 Qf4 29. Rxg7+ Kf8 30. Qxf4 exf4 31. Rcc7 Re1+ 32. Kg2 f3+ 33.
Kf2 Rh1 34. Rcf7+ Ke8 35. Rxb7 Kf8 36. Rh7 Rxh7 37. Rxh7 Re8 38. Rh8+ Kf7 39.
Rxe8 Kxe8 40. Kxf3 Kd7 41. Ke4 Kc6 42. Kd4 Kb5 43. Kc3 Kc5 44. Be7+ Kb5 45. Bf8
Kc6 46. Kb4 1-0

[Event "Madrid ch 2019-2020"]
[Site "Madrid ESP"]
[Date "2020.07.19"]
[Round "2.11"]
[White "Vukotic Jovsic, Dragan"]
[Black "Garcia Dorado, Alberto"]
[Result "0-1"]
[WhiteElo "1905"]
[BlackElo "2175"]
[PlyCount "48"]
[EventDate "2020.07.18"]
[EventType "swiss"]
[EventRounds "9"]
[EventCountry "ESP"]
[SourceTitle "Ajedrez en Madrid"]
[Source "lmi"]
[SourceDate "2020.07.18"]
[SourceVersion "1"]
[SourceVersionDate "2020.09.10"]
[SourceQuality "1"]

1. Nf3 Nf6 2. d4 d5 3. Bf4 c5 4. e3 Nc6 5. c3 Qb6 6. Qb3 c4 7. Qxb6 axb6 8. Na3
Bf5 9. Nb5 Ra5 10. a4 Bc2 11. Bc7 Bxa4 12. b4 cxb3 13. Bxb6 Rxb5 14. Bxb5 Bxb5
15. Ra8+ Kd7 16. Ng5 Ne4 17. Nxe4 dxe4 18. d5 b2 19. Kd2 Bd3 20. f4 b1=Q 21.
dxc6+ Kxc6 22. Rxb1 Bxb1 23. Bd4 f6 24. c4 e5 0-1

[Event "Madrid ch 2019-2020"]
[Site "Madrid ESP"]
[Date "2020.07.19"]
[Round "2.13"]
[White "Giron Herranz, Juan"]
[Black "Guillo Longares, Cecilia"]
[Result "0-1"]
[WhiteElo "1811"]
[BlackElo "2114"]
[PlyCount "78"]
[EventDate "2020.07.18"]
[EventType "swiss"]
[EventRounds "9"]
[EventCountry "ESP"]
[SourceTitle "Ajedrez en Madrid"]
[Source "lmi"]
[SourceDate "2020.07.18"]
[SourceVersion "1"]
[SourceVersionDate "2020.09.10"]
[SourceQuality "1"]

1. d4 Nf6 2. c4 c5 3. d5 d6 4. Nc3 g6 5. e4 Bg7 6. f4 O-O 7. Nf3 e6 8. Bd3 exd5
9. cxd5 a6 10. a4 Nfd7 11. O-O Qc7 12. Be3 b6 13. Qc2 Bb7 14. Nd2 Nf6 15. f5
Nbd7 16. Nc4 Ne8 17. fxg6 hxg6 18. Rf3 Bc8 19. Qd2 Rb8 20. Bh6 Bd4+ 21. Kh1 Ng7
22. Bf4 Ne5 23. Nxe5 dxe5 24. Bh6 c4 25. Be2 b5 26. axb5 axb5 27. Qg5 Qd8 28.
Qxd8 Rxd8 29. Raf1 Rf8 30. Bxg7 Kxg7 31. h3 Bd7 32. Rf6 b4 33. Na2 b3 34. Bxc4
bxa2 35. Bxa2 Rxb2 36. Bc4 Be3 37. d6 Bf4 38. R6xf4 exf4 39. Rxf4 Be6 0-1

[Event "Madrid ch 2019-2020"]
[Site "Madrid ESP"]
[Date "2020.07.19"]
[Round "2.14"]
[White "Rodriguez Polo, Mateo"]
[Black "Corral Aragon, Juan Maria"]
[Result "1-0"]
[WhiteElo "2077"]
[BlackElo "1813"]
[PlyCount "51"]
[EventDate "2020.07.18"]
[EventType "swiss"]
[EventRounds "9"]
[EventCountry "ESP"]
[SourceTitle "Ajedrez en Madrid"]
[Source "lmi"]
[SourceDate "2020.07.18"]
[SourceVersion "1"]
[SourceVersionDate "2020.09.10"]
[SourceQuality "1"]

1. Nf3 d5 2. c4 c6 3. g3 dxc4 4. Bg2 b5 5. a4 a6 6. axb5 cxb5 7. Ne5 Ra7 8. Nc3
Bb7 9. Nf3 Bc6 10. b3 b4 11. Na4 c3 12. O-O e6 13. Qc2 Bxa4 14. Rxa4 Rc7 15.
dxc3 Rxc3 16. Qb1 Bd6 17. Nd2 Nf6 18. Nc4 Qc7 19. Bd2 Rxc4 20. bxc4 Qxc4 21.
Bxb4 O-O 22. Bxd6 Qxa4 23. Bxf8 Nbd7 24. Be7 h6 25. Rc1 g6 26. Qa1 1-0

[Event "Madrid ch 2019-2020"]
[Site "Madrid ESP"]
[Date "2020.07.19"]
[Round "2.15"]
[White "Cujba, Anca-Claudia"]
[Black "Pablos Tenrero, Raquel"]
[Result "0-1"]
[WhiteElo "1673"]
[BlackElo "2042"]
[PlyCount "120"]
[EventDate "2020.07.18"]
[EventType "swiss"]
[EventRounds "9"]
[EventCountry "ESP"]
[SourceTitle "Ajedrez en Madrid"]
[Source "lmi"]
[SourceDate "2020.07.18"]
[SourceVersion "1"]
[SourceVersionDate "2020.09.10"]
[SourceQuality "1"]

1. e4 c5 2. c3 Nf6 3. e5 Nd5 4. d4 cxd4 5. cxd4 d6 6. Nf3 Nc6 7. Bc4 dxe5 8.
Nxe5 e6 9. O-O Bd6 10. Bxd5 exd5 11. Nxc6 bxc6 12. Re1+ Be6 13. b3 O-O 14. Ba3
Re8 15. Bxd6 Qxd6 16. Nc3 Qf4 17. Ne2 Qf6 18. Ng3 Rab8 19. Qd2 Rb6 20. Rac1
Reb8 21. Nh5 Qh4 22. Ng3 h6 23. Re5 Bd7 24. Rce1 Rb4 25. Ne2 Be6 26. Nf4 c5 27.
g3 Qf6 28. dxc5 Rxf4 29. Qxf4 Qd8 30. Rd1 Rb5 31. b4 a5 32. a3 axb4 33. axb4
Qb8 34. Rb1 Qc8 35. Qd4 Qc6 36. f4 f6 37. Re3 Bf5 38. Rbe1 Qb7 39. Rb3 Be4 40.
Kf1 Qa6 41. Ra1 Ra5+ 42. b5 Rxa1+ 43. Kf2 Ra2+ 44. Rb2 Qa3 45. Rxa2 Qxa2+ 46.
Ke3 Qb3+ 47. Kd2 Qxb5 48. h3 Qa5+ 49. Qc3 Qxc3+ 50. Kxc3 Kf8 51. g4 Ke7 52. Kd4
Kd7 53. h4 Kc6 54. g5 hxg5 55. hxg5 fxg5 56. fxg5 g6 57. Ke3 Kxc5 58. Kd2 Kd4
59. Ke1 Ke3 60. Kd1 d4 0-1

[Event "Madrid ch 2019-2020"]
[Site "Madrid ESP"]
[Date "2020.07.19"]
[Round "2.16"]
[White "Garcia Gonzalez, Jesus"]
[Black "Viñas Blasco, Jorge"]
[Result "1-0"]
[WhiteElo "2029"]
[BlackElo "1781"]
[PlyCount "35"]
[EventDate "2020.07.18"]
[EventType "swiss"]
[EventRounds "9"]
[EventCountry "ESP"]
[SourceTitle "Ajedrez en Madrid"]
[Source "lmi"]
[SourceDate "2020.07.18"]
[SourceVersion "1"]
[SourceVersionDate "2020.09.10"]
[SourceQuality "1"]

1. d4 Nf6 2. Nf3 d5 3. Bg5 e6 4. e3 Be7 5. Nbd2 O-O 6. Bd3 c5 7. c3 b6 8. Ne5
Bb7 9. Qf3 Nfd7 10. h4 f6 11. Qh5 f5 12. Ndf3 Nf6 13. Bxf6 Rxf6 14. Ng5 h6 15.
Nxe6 Qc8 16. Bxf5 g6 17. Nxg6 Rxe6 18. Nxe7+ 1-0

[Event "Madrid ch 2019-2020"]
[Site "Madrid ESP"]
[Date "2020.07.20"]
[Round "3.1"]
[White "Mkrtchyan, Levon"]
[Black "Martinez Reyes, Pedro Ramon"]
[Result "1/2-1/2"]
[WhiteElo "2215"]
[BlackElo "2416"]
[PlyCount "28"]
[EventDate "2020.07.18"]
[EventType "swiss"]
[EventRounds "9"]
[EventCountry "ESP"]
[SourceTitle "Ajedrez en Madrid"]
[Source "lmi"]
[SourceDate "2020.07.18"]
[SourceVersion "1"]
[SourceVersionDate "2020.09.10"]
[SourceQuality "1"]

1. e4 d5 2. exd5 Qxd5 3. Nc3 Qd6 4. Nf3 c6 5. d4 Nf6 6. Be2 Bg4 7. h3 Bxf3 8.
Bxf3 Nbd7 9. Be3 e6 10. Qe2 Qc7 11. O-O Be7 12. Ne4 Nxe4 13. Bxe4 Nf6 14. Bf3
Nd5 1/2-1/2

[Event "Madrid ch 2019-2020"]
[Site "Madrid ESP"]
[Date "2020.07.20"]
[Round "3.2"]
[White "Beltran De Heredia E., Miguel"]
[Black "Renteria, Jorge"]
[Result "1/2-1/2"]
[WhiteElo "2178"]
[BlackElo "2308"]
[PlyCount "72"]
[EventDate "2020.07.18"]
[EventType "swiss"]
[EventRounds "9"]
[EventCountry "ESP"]
[SourceTitle "Ajedrez en Madrid"]
[Source "lmi"]
[SourceDate "2020.07.18"]
[SourceVersion "1"]
[SourceVersionDate "2020.09.10"]
[SourceQuality "1"]

1. e4 c5 2. Nf3 Nc6 3. Nc3 d6 4. d4 cxd4 5. Nxd4 Nf6 6. Bc4 Qb6 7. Nb3 e6 8.
Be3 Qc7 9. O-O a6 10. a4 b6 11. f4 Be7 12. Be2 O-O 13. g4 Nd7 14. g5 Na5 15. f5
Ne5 16. f6 Bd8 17. fxg7 Kxg7 18. Qd4 Rb8 19. Rad1 Be7 20. h4 Nac4 21. Bxc4 Qxc4
22. Bf4 Qc7 23. h5 Kh8 24. Rd2 Bb7 25. Rg2 Rg8 26. Be3 Bd8 27. Nd2 f6 28. Nf3
Nxf3+ 29. Rxf3 e5 30. Qd2 fxg5 31. Qf2 Be7 32. Rf7 Rbf8 33. Bxg5 Rxf7 34. Qxf7
Qc5+ 35. Kh2 Bxg5 36. Rxg5 Rxg5 1/2-1/2

[Event "Madrid ch 2019-2020"]
[Site "Madrid ESP"]
[Date "2020.07.20"]
[Round "3.3"]
[White "Martinez Fernandez, Raul"]
[Black "Moreno Ruiz, Javier"]
[Result "1/2-1/2"]
[WhiteElo "2220"]
[BlackElo "2436"]
[PlyCount "91"]
[EventDate "2020.07.18"]
[EventType "swiss"]
[EventRounds "9"]
[EventCountry "ESP"]
[SourceTitle "Ajedrez en Madrid"]
[Source "lmi"]
[SourceDate "2020.07.18"]
[SourceVersion "1"]
[SourceVersionDate "2020.09.10"]
[SourceQuality "1"]

1. e4 c5 2. Nf3 Nc6 3. Bb5 d6 4. O-O Bd7 5. Re1 Nf6 6. Bxc6 Bxc6 7. e5 dxe5 8.
Nxe5 Rc8 9. d3 e6 10. Nc3 Be7 11. b3 O-O 12. Nxc6 Rxc6 13. Bb2 Qd7 14. Qf3 Rd8
15. a4 Rcc8 16. Re5 Ne8 17. Rae1 Bf6 18. R5e2 Nd6 19. g4 a6 20. Ba1 b5 21. axb5
axb5 22. Ne4 Bxa1 23. Rxa1 Nxe4 24. Qxe4 Qc7 25. c3 Rd5 26. Rea2 Qd8 27. c4 Rd4
28. Qb7 Rb8 29. Qxb8 Qxb8 30. Ra8 Rd8 31. Rxb8 Rxb8 32. cxb5 g5 33. Ra5 Kg7 34.
Kg2 Kf6 35. Kf3 Ke5 36. Ke3 Kd5 37. Ra7 f6 38. Rxh7 Rxb5 39. Rd7+ Ke5 40. h4
Rxb3 41. h5 Rb1 42. Kf3 Rg1 43. Rc7 Kd4 44. Rd7+ Ke5 45. Rc7 Kd4 46. Rd7+
1/2-1/2

[Event "Madrid ch 2019-2020"]
[Site "Madrid ESP"]
[Date "2020.07.20"]
[Round "3.4"]
[White "Martin Duque, Jesus"]
[Black "Reyes Peñas, Sebastian"]
[Result "1-0"]
[WhiteElo "2421"]
[BlackElo "2272"]
[PlyCount "91"]
[EventDate "2020.07.18"]
[EventType "swiss"]
[EventRounds "9"]
[EventCountry "ESP"]
[SourceTitle "Ajedrez en Madrid"]
[Source "lmi"]
[SourceDate "2020.07.18"]
[SourceVersion "1"]
[SourceVersionDate "2020.09.10"]
[SourceQuality "1"]

1. e4 c5 2. Nf3 e6 3. d4 cxd4 4. Nxd4 a6 5. Bd3 Nf6 6. O-O Qc7 7. Qe2 d6 8. f4
g6 9. f5 Bg7 10. Bg5 O-O 11. Nd2 h6 12. Be3 e5 13. N4b3 Nbd7 14. a4 b6 15. a5
b5 16. c4 bxc4 17. Bxc4 Kh7 18. Rac1 Qd8 19. Qf3 Qe7 20. g4 g5 21. h4 gxh4 22.
Rf2 Rg8 23. Rg2 Bb7 24. Bd3 d5 25. Rc7 Rab8 26. Nc5 d4 27. Bf2 Qd6 28. Rxb7
Qxc5 29. Rxb8 Qc1+ 30. Nf1 Rxb8 31. Bxh4 Qf4 32. Qh3 Nxe4 33. f6 Ndxf6 34. g5
h5 35. gxf6 Bh6 36. Qg3 Qxg3 37. Bxg3 Bg5 38. Bxe5 Re8 39. Bxe4+ Kh6 40. Ng3
Rxe5 41. Nf5+ Kh7 42. Nd6+ Kg8 43. Bf5 Re1+ 44. Kf2 Rh1 45. Rxg5+ Kf8 46. Bh7
1-0

[Event "Madrid ch 2019-2020"]
[Site "Madrid ESP"]
[Date "2020.07.20"]
[Round "3.5"]
[White "Perez Gonzalez, Jose Manuel"]
[Black "Aranda Marin, Cristian"]
[Result "0-1"]
[WhiteElo "2177"]
[BlackElo "2353"]
[PlyCount "72"]
[EventDate "2020.07.18"]
[EventType "swiss"]
[EventRounds "9"]
[EventCountry "ESP"]
[SourceTitle "Ajedrez en Madrid"]
[Source "lmi"]
[SourceDate "2020.07.18"]
[SourceVersion "1"]
[SourceVersionDate "2020.09.10"]
[SourceQuality "1"]

1. e4 c5 2. Nf3 d6 3. d4 cxd4 4. Nxd4 Nf6 5. Nc3 Nc6 6. Bc4 Bd7 7. Bb3 g6 8. f3
Nxd4 9. Qxd4 Bg7 10. Bg5 O-O 11. O-O-O a5 12. a4 b5 13. Qe3 bxa4 14. Bxa4 Bxa4
15. Nxa4 Qc7 16. Rd3 Rab8 17. b3 Rfe8 18. e5 dxe5 19. Rhd1 e4 20. fxe4 Rb4 21.
Qc5 Qb8 22. Qxa5 Rb5 23. Qd8 Rxg5 24. Qxb8 Rxb8 25. Rd8+ Rxd8 26. Rxd8+ Bf8 27.
c4 Kg7 28. c5 Re5 29. b4 Rxe4 30. b5 Rxa4 31. c6 Rb4 32. Rd2 Ne8 33. Rb2 Rc4+
34. Rc2 Nd6 35. b6 Rb4 36. b7 Nxb7 0-1

[Event "Madrid ch 2019-2020"]
[Site "Madrid ESP"]
[Date "2020.07.20"]
[Round "3.6"]
[White "Gago Padreny, Ignacio"]
[Black "Torres Boch, Jose F"]
[Result "1/2-1/2"]
[WhiteElo "2289"]
[BlackElo "2150"]
[PlyCount "119"]
[EventDate "2020.07.18"]
[EventType "swiss"]
[EventRounds "9"]
[EventCountry "ESP"]
[SourceTitle "Ajedrez en Madrid"]
[Source "lmi"]
[SourceDate "2020.07.18"]
[SourceVersion "1"]
[SourceVersionDate "2020.09.10"]
[SourceQuality "1"]

1. d4 Nf6 2. c4 g6 3. Nc3 Bg7 4. e4 d6 5. Nf3 O-O 6. Be2 e5 7. O-O Nc6 8. d5
Ne7 9. b4 a5 10. bxa5 c5 11. a4 Rxa5 12. Ra3 Ra6 13. Rb3 Nh5 14. g3 Nf6 15. Bd2
Nd7 16. Qc1 Nb6 17. Ra3 f5 18. Ng5 f4 19. f3 Nexd5 20. cxd5 Qxg5 21. Bxa6 bxa6
22. Nd1 Qf6 23. Rb3 Nd7 24. Nb2 g5 25. g4 h5 26. h3 Qg6 27. Nc4 hxg4 28. hxg4
Nf6 29. Nxd6 Bxg4 30. fxg4 Nxg4 31. Qd1 Nf6 32. Nf5 Rf7 33. Rb8+ Bf8 34. Qb3
Qh5 35. Rf2 Nxe4 36. d6 Qg4+ 37. Rg2 Qxf5 38. Rh2 Nxd6 39. Qd5 Qg4+ 40. Rg2
Qd1+ 41. Kh2 Qh5+ 42. Kg1 Qd1+ 43. Kh2 Ne4 44. Rxf8+ Kxf8 45. Qa8+ Kg7 46. Qxe4
Qh5+ 47. Kg1 g4 48. Rh2 Qf5 49. Qc6 Qb1+ 50. Kg2 Qb7 51. Qxb7 Rxb7 52. Bc3 Re7
53. Rh4 Kg6 54. Rxg4+ Kf5 55. Rg8 Ke4 56. Rg5 Re6 57. Kf2 Re8 58. Ke2 Re6 59.
Rh5 Re8 60. Rg5 1/2-1/2

[Event "Madrid ch 2019-2020"]
[Site "Madrid ESP"]
[Date "2020.07.20"]
[Round "3.7"]
[White "Quispe Arteaga, Gabriel"]
[Black "Pindado Campos, Raul"]
[Result "1-0"]
[WhiteElo "2397"]
[BlackElo "2129"]
[PlyCount "119"]
[EventDate "2020.07.18"]
[EventType "swiss"]
[EventRounds "9"]
[EventCountry "ESP"]
[SourceTitle "Ajedrez en Madrid"]
[Source "lmi"]
[SourceDate "2020.07.18"]
[SourceVersion "1"]
[SourceVersionDate "2020.09.10"]
[SourceQuality "1"]

1. d4 Nf6 2. Nf3 g6 3. g3 Bg7 4. Bg2 O-O 5. O-O d6 6. b3 Nbd7 7. Bb2 c5 8. c4
Rb8 9. Nc3 a6 10. dxc5 Nxc5 11. Nd4 Bd7 12. Rc1 Re8 13. Qd2 Ng4 14. Rfd1 Bh6
15. e3 Ne5 16. Qe2 Bg4 17. f3 Bd7 18. Nd5 Bg7 19. h3 e6 20. Nc3 Qe7 21. Rd2 Nc6
22. Rcd1 Rbd8 23. Kh2 h5 24. h4 Be5 25. f4 Bg7 26. Nc2 Bxc3 27. Bxc3 e5 28. Qf2
Bg4 29. Re1 e4 30. Bf1 Nd7 31. Nb4 Nxb4 32. Bxb4 Nf6 33. Be2 Qe6 34. Bc3 Bxe2
35. Qxe2 Ng4+ 36. Kg2 Rc8 37. Bd4 Rc6 38. a4 Rec8 39. Ba1 Nh6 40. Red1 Nf5 41.
Rd5 Kh7 42. Kf2 Nh6 43. Kg2 Nf5 44. Qe1 Rg8 45. a5 Kh6 46. Kf2 Kh7 47. Qe2 Nh6
48. Kg2 Nf5 49. Bb2 Kh6 50. Ba3 Rgc8 51. Kf2 Kh7 52. Bb4 Kh6 53. g4 Ne7 54. f5
gxf5 55. Rxd6 hxg4 56. Rxe6+ Rxe6 57. Bxe7 Rxe7 58. Rd6+ Kh5 59. Kg3 Re5 60.
Qf2 1-0

[Event "Madrid ch 2019-2020"]
[Site "Madrid ESP"]
[Date "2020.07.20"]
[Round "3.8"]
[White "Suarez Uriel, Adrian"]
[Black "Guillo Longares, Cecilia"]
[Result "1-0"]
[WhiteElo "2340"]
[BlackElo "2114"]
[PlyCount "51"]
[EventDate "2020.07.18"]
[EventType "swiss"]
[EventRounds "9"]
[EventCountry "ESP"]
[SourceTitle "Ajedrez en Madrid"]
[Source "lmi"]
[SourceDate "2020.07.18"]
[SourceVersion "1"]
[SourceVersionDate "2020.09.10"]
[SourceQuality "1"]

1. e4 c5 2. Nf3 Nc6 3. d4 cxd4 4. Nxd4 g6 5. c4 Nf6 6. Nc3 Nxd4 7. Qxd4 d6 8.
Be2 Bg7 9. Be3 O-O 10. Qd2 a5 11. O-O a4 12. Bd4 Qa5 13. Rad1 Bd7 14. Qe3 Qd8
15. f4 Bc6 16. e5 Ne8 17. f5 gxf5 18. Rxf5 Bd7 19. Rh5 f6 20. e6 Bc6 21. Bd3 f5
22. Bxf5 Nf6 23. Rg5 Kh8 24. Rxg7 Kxg7 25. Qg5+ Kh8 26. Qh6 1-0

[Event "Madrid ch 2019-2020"]
[Site "Madrid ESP"]
[Date "2020.07.20"]
[Round "3.9"]
[White "Longa Yauca, Javier"]
[Black "Rodriguez Polo, Mateo"]
[Result "0-1"]
[WhiteElo "2221"]
[BlackElo "2077"]
[PlyCount "56"]
[EventDate "2020.07.18"]
[EventType "swiss"]
[EventRounds "9"]
[EventCountry "ESP"]
[SourceTitle "Ajedrez en Madrid"]
[Source "lmi"]
[SourceDate "2020.07.18"]
[SourceVersion "1"]
[SourceVersionDate "2020.09.10"]
[SourceQuality "1"]

1. c4 Nf6 2. Nc3 e6 3. e4 d5 4. e5 d4 5. exf6 dxc3 6. bxc3 Qxf6 7. d4 b6 8. Nf3
Bb7 9. Be2 Bd6 10. O-O O-O 11. Bg5 Qf5 12. Qd2 h6 13. Be3 Nd7 14. Nh4 Qf6 15.
g3 e5 16. Bg4 Rad8 17. f4 exd4 18. cxd4 Rfe8 19. Nf3 Qe7 20. Bxd7 Qxe3+ 21.
Qxe3 Rxe3 22. Bg4 h5 23. Bxh5 g6 24. Bg4 f5 25. Bxf5 gxf5 26. Nh4 Be4 27. Rfe1
Rxe1+ 28. Rxe1 Bb4 0-1

[Event "Madrid ch 2019-2020"]
[Site "Madrid ESP"]
[Date "2020.07.20"]
[Round "3.10"]
[White "Khudov, Oleksandr"]
[Black "Garcia Gonzalez, Jesus"]
[Result "1-0"]
[WhiteElo "2207"]
[BlackElo "2029"]
[PlyCount "51"]
[EventDate "2020.07.18"]
[EventType "swiss"]
[EventRounds "9"]
[EventCountry "ESP"]
[SourceTitle "Ajedrez en Madrid"]
[Source "lmi"]
[SourceDate "2020.07.18"]
[SourceVersion "1"]
[SourceVersionDate "2020.09.10"]
[SourceQuality "1"]

1. d4 Nf6 2. Bf4 d6 3. e3 c6 4. c3 Bf5 5. Nf3 Qb6 6. Qb3 Nbd7 7. h3 g6 8. Nbd2
Bg7 9. Be2 O-O 10. O-O h6 11. Nc4 Qa6 12. Rfe1 Be6 13. Ncd2 b5 14. Qc2 Nd5 15.
Bh2 f5 16. a4 Qb7 17. axb5 cxb5 18. Bd3 Rac8 19. Qb1 b4 20. c4 N5f6 21. b3 d5
22. c5 Ra8 23. Ra6 Nb8 24. Bxb8 Rfxb8 25. Rxe6 Kf7 26. Ra6 1-0

[Event "Madrid ch 2019-2020"]
[Site "Madrid ESP"]
[Date "2020.07.20"]
[Round "3.11"]
[White "Garcia Dorado, Alberto"]
[Black "Alises Fontecha, Juan"]
[Result "1-0"]
[WhiteElo "2175"]
[BlackElo "1671"]
[PlyCount "85"]
[EventDate "2020.07.18"]
[EventType "swiss"]
[EventRounds "9"]
[EventCountry "ESP"]
[SourceTitle "Ajedrez en Madrid"]
[Source "lmi"]
[SourceDate "2020.07.18"]
[SourceVersion "1"]
[SourceVersionDate "2020.09.10"]
[SourceQuality "1"]

1. Nf3 Nf6 2. c4 c6 3. e3 d5 4. Nc3 e6 5. Qc2 Bd6 6. b3 O-O 7. Bb2 e5 8. cxd5
cxd5 9. Nb5 Nc6 10. Nxd6 Qxd6 11. Rc1 Bg4 12. Qc5 Qe6 13. h3 Bh5 14. Be2 Rac8
15. Qb5 Rc7 16. Nxe5 Bxe2 17. Qxe2 d4 18. Nxc6 Rxc6 19. Rxc6 Qxc6 20. O-O dxe3
21. fxe3 Ne8 22. Qc4 Qxc4 23. bxc4 Nd6 24. Ba3 Rd8 25. Bxd6 Rxd6 26. d4 Kf8 27.
Rb1 b6 28. Rb2 Ke7 29. Kf2 h5 30. Ke2 h4 31. Kf3 Rg6 32. a4 Rg3+ 33. Kf2 Rg5
34. Rb5 Rg6 35. a5 Rc6 36. axb6 axb6 37. Rb4 f5 38. Kf3 g5 39. Ke2 Kf6 40. Kd3
g4 41. Rb5 Rd6 42. hxg4 Kg5 43. gxf5 1-0